[Event "39. Open Ciudad de San Sebastián 2016"]
[Site "San Sebastian ESP"]
[Date "2016.03.20"]
[Round "2.11"]
[White "Nava Pereda, Carlos"]
[Black "Garro Beraza, Julen"]
[Result "0-1"]
[WhiteElo "2268"]
[BlackElo "1962"]
[PlyCount "80"]
[EventDate "2016.03.19"]
[EventType "swiss"]
[EventRounds "9"]
[EventCountry "ESP"]
[Source "lmi"]
[SourceDate "2016.03.19"]

1. Nf3 Nf6 2. c4 g6 3. Nc3 Bg7 4. e4 d6 5. d4 O-O 6. Be2 e5 7. O-O Nc6 8. d5
Ne7 9. b4 Nh5 10. g3 f5 11. Ng5 Nf6 12. Bf3 c6 13. Be3 cxd5 14. cxd5 h6 15. Ne6
Bxe6 16. dxe6 fxe4 17. Nxe4 Nxe4 18. Bxe4 d5 19. Bg2 d4 20. Bd2 Qb6 21. Qb3 Kh7
22. a4 Rab8 23. a5 Qd6 24. f4 Nf5 25. Rad1 b6 26. g4 Nh4 27. Be4 bxa5 28. Qh3
Qe7 29. Be1 Bf6 30. fxe5 Bg5 31. Rxf8 Rxf8 32. Rxd4 Rd8 33. Qd3 Rxd4 34. Qxd4
Qxe6 35. Qxa7+ Kh8 36. Qa8+ Kh7 37. Bd5 Qxg4+ 38. Kf1 Qf4+ 39. Ke2 Qe3+ 40. Kd1
Qd3+ 0-1

[Event "39. Open Ciudad de San Sebastián 2016"]
[Site "San Sebastian ESP"]
[Date "2016.03.24"]
[Round "7.7"]
[White "Lorenzo Duran, Marcos"]
[Black "Skomorokhin, Roman"]
[Result "1-0"]
[WhiteElo "2121"]
[BlackElo "2410"]
[PlyCount "156"]
[EventDate "2016.03.19"]
[EventType "swiss"]
[EventRounds "9"]
[EventCountry "ESP"]
[Source "lmi"]
[SourceDate "2016.03.19"]

1. d4 Nf6 2. c4 e6 3. Nc3 Bb4 4. e3 c5 5. Nge2 cxd4 6. exd4 d5 7. a3 Be7 8.
cxd5 Nxd5 9. Nxd5 Qxd5 10. Nf4 Qd6 11. Be3 Nd7 12. Be2 O-O 13. O-O Nb6 14. Rc1
Bd7 15. Bf3 Bc6 16. Bxc6 bxc6 17. Qf3 Nd5 18. Nxd5 cxd5 19. Rc2 Rfc8 20. Rfc1
Rxc2 21. Rxc2 Qb6 22. Qd1 a5 23. g3 h6 24. Qc1 Bf6 25. Rc6 Qb3 26. Rc3 Qa4 27.
b3 Qb5 28. Qc2 h5 29. Rc5 Qb6 30. Rc6 Qd8 31. Kg2 h4 32. g4 g6 33. h3 Kg7 34.
f4 Qb8 35. Rc7 Bd8 36. Rc3 Qb6 37. Rc6 Qb7 38. f5 exf5 39. gxf5 Ra6 40. Rc8 Qe7
41. Bf4 gxf5 42. Be5+ Kg6 43. Kh2 Qg5 44. Qd3 Re6 45. Rc2 Kh7 46. Rg2 Qh5 47.
Rg7+ Kh6 48. Rg8 Bf6 49. Bxf6 Qe2+ 50. Qxe2 Rxe2+ 51. Kg1 Rb2 52. Rb8 f4 53.
Bxh4 Kg6 54. Rb5 Kf5 55. Rxd5+ Ke4 56. Rxa5 Rxb3 57. Bf2 Rxh3 58. Kg2 Rh6 59.
Re5+ Kd3 60. d5 f3+ 61. Kxf3 Rf6+ 62. Kg2 Kc4 63. Bg3 Rd6 64. Re4+ Kxd5 65. Re1
Re6 66. Ra1 Kc4 67. a4 Kb3 68. a5 Kb2 69. Rf1 f6 70. Bc7 Kb3 71. Rf4 Rc6 72.
Bd8 Rd6 73. Bb6 Rc6 74. Kf3 f5 75. Kg3 Rg6+ 76. Kf3 Rc6 77. Ke3 Rd6 78. Rd4 Rf6
1-0

[Event "39. Open Ciudad de San Sebastián 2016"]
[Site "San Sebastian ESP"]
[Date "2016.03.24"]
[Round "7.11"]
[White "Mercado Larrea, Adrian"]
[Black "Segovia Sanchez, Antonio"]
[Result "1-0"]
[WhiteElo "2007"]
[BlackElo "2074"]
[PlyCount "156"]
[EventDate "2016.03.19"]
[EventType "swiss"]
[EventRounds "9"]
[EventCountry "ESP"]
[Source "lmi"]
[SourceDate "2016.03.19"]

1. e4 c6 2. Nc3 g6 3. Nf3 Bg7 4. d4 d5 5. exd5 cxd5 6. Bb5+ Nc6 7. Be3 Nf6 8.
Ne5 Bd7 9. Bxc6 Bxc6 10. O-O Rc8 11. Qd2 O-O 12. Rfe1 Qb6 13. Rab1 Rfd8 14. f3
Ne8 15. Bf2 Rc7 16. Bg3 Nd6 17. Kh1 Nf5 18. Ne2 Bb5 19. c3 Nxg3+ 20. hxg3 Qa6
21. a3 Rd6 22. Nf4 Bh6 23. Qd1 Ba4 24. Qe2 Qb6 25. Ng4 Bg7 26. Nd3 Bb5 27. Qd1
Bc4 28. Nge5 Bb3 29. Qd2 f6 30. Ng4 Ba2 31. Ra1 Bc4 32. Nc5 e5 33. b3 Bb5 34.
a4 Be8 35. b4 Re7 36. f4 e4 37. Ne3 Qc7 38. f5 b6 39. Ne6 Qc8 40. Nxg7 Rxg7 41.
Rf1 Rc7 42. Ra3 Qa6 43. Re1 Bf7 44. Ng4 Qc8 45. Qf4 Qd8 46. Rf1 g5 47. Qd2 Kg7
48. Kg1 Rdc6 49. a5 Qc8 50. axb6 axb6 51. Ne3 Rxc3 52. Rxc3 Rxc3 53. Ra1 Rc7
54. Ra2 Qd7 55. Rc2 Ra7 56. Ra2 Ra4 57. Rxa4 Qxa4 58. Qc3 Qa2 59. Kf1 h5 60.
Kg1 Qb1+ 61. Kh2 g4 62. Qd2 Qb3 63. Kg1 Be8 64. Kf2 Bb5 65. Qc2 Bc4 66. Qxb3
Bxb3 67. Ke2 Bc4+ 68. Kd2 Kh6 69. b5 Kg5 70. Kc3 Bxb5 71. Nxd5 Kxf5 72. Nxb6 e3
73. Nd5 e2 74. Kd2 Bc6 75. Ne7+ Ke4 76. Nxc6 Kd5 77. Ne7+ Kxd4 78. Kxe2 Ke4 1-0